00361 a2200109 4500001001000000005001700010008004100027245007100068100002000139773007500159999001700234ART_4481120260410162024.0260409a 10aLa variable color o raza en los censos demográficos brasileños1 aPaixao, Marcelo0 tNotas de poblacióng- Año XXXVI, Nº 89 (jul./dic. 2009)wREV41841 c33370d33370